Shari'a, inshallah : finding god in Somali legal politics (Record no. 85314)

MARC details
000 -LEADER
fixed length control field 01458 a2200289 4500
003 - CONTROL NUMBER IDENTIFIER
control field CBULib
005 - DATE AND TIME OF LATEST TRANSACTION
control field 20250702091614.0
008 - FIXED-LENGTH DATA ELEMENTS--GENERAL INFORMATION
fixed length control field 250702b |||||||| |||| 00| 0 eng d
020 ## - INTERNATIONAL STANDARD BOOK NUMBER
International Standard Book Number 9781108965705
040 ## - CATALOGING SOURCE
Language of cataloging English
Transcribing agency CBULib
Description conventions rda
050 ## - LIBRARY OF CONGRESS CALL NUMBER
Classification number K 410 Mas
100 ## - MAIN ENTRY--PERSONAL NAME
Personal name Massoud, Mark Fathi
9 (RLIN) 4652
245 ## - TITLE STATEMENT
Title Shari'a, inshallah : finding god in Somali legal politics
Statement of responsibility, etc / by Mark Fathi Massoud
260 ## - PUBLICATION, DISTRIBUTION, ETC. (IMPRINT)
Name of publisher, distributor, etc Cambridge University Press,
Date of publication, distribution, etc 2021.
Place of publication, distribution, etc Cambridge, United Kingdom :
300 ## - PHYSICAL DESCRIPTION
Extent xviii, 362 pages : illustrations, maps
336 ## - CONTENT TYPE
Source rdacontent
Content type term Text |
Content type code txt
337 ## - MEDIA TYPE
Source rdamedia
Media type term Unmediated |
Media type code n
338 ## - CARRIER TYPE
Source rdacarrier
Carrier type term Volume
Carrier type code nc
490 ## - SERIES STATEMENT
Series statement Cambridge studies in law and society.
500 ## - GENERAL NOTE
General note Content notes: Embracing Shari'a and the rule of law -- Contesting Shari'a : colonial legal politics -- Constraining Shari'a : postcolonial legal politics -- Restoring Shari'a : Islamic courts in a shattered<br/>Somalia -- Integrating Shari'a : legal politics in Somaliland -- Reclaiming Shari'a : women's activism in Somaliland -- The rule of law, Inshallah
504 ## - BIBLIOGRAPHY, ETC. NOTE
Bibliography, etc Includes bibliographical references and index
650 #0 - SUBJECT ADDED ENTRY--TOPICAL TERM
9 (RLIN) 4653
Topical term or geographic name as entry element LAW--SOMALIA--ISLAMIC INFLUENCES
650 #0 - SUBJECT ADDED ENTRY--TOPICAL TERM
9 (RLIN) 4654
Topical term or geographic name as entry element LAW--SOMALILAND (SECESSIONIST GOVERNMENT, 1991-)--ISLAMIC INFLUENCES
650 #0 - SUBJECT ADDED ENTRY--TOPICAL TERM
9 (RLIN) 4655
Topical term or geographic name as entry element JUSTICE, ADMINISTRATION OF--SOMALIA
650 #0 - SUBJECT ADDED ENTRY--TOPICAL TERM
9 (RLIN) 4656
Topical term or geographic name as entry element JUSTICE, ADMINISTRATION OF--SOMALILAND (SECCESIONIST GOVERNMENT, 1991-)
942 ## - ADDED ENTRY ELEMENTS (KOHA)
Source of classification or shelving scheme
Koha item type MONOGRAPH
Holdings
Withdrawn status Lost status Source of classification or shelving scheme Damaged status Not for loan Collection code Permanent Location Current Location Shelving location Date acquired Source of acquisition Inventory number Full call number Barcode Date last seen Price effective from Koha item type
          Main Library Open Access Collection CBU-MAIN LIBRARY, KITWE. CBU-MAIN LIBRARY, KITWE. General Stacks 07/02/2025 Book Aid International 752191 K 410 Mas 752191 07/02/2025 07/02/2025 MONOGRAPH